[Event "Warsaw YMCA Autumn-A 161st"]
[Site "Warsaw"]
[Date "2015.10.14"]
[Round "4"]
[White "Kosny, Marek"]
[Black "Koziol, Pawel"]
[Result "1-0"]
[WhiteElo "1912"]
[BlackElo "1927"]
[PlyCount "77"]
[EventDate "2015.09.25"]
[EventType "tourn"]
[EventRounds "13"]
[EventCountry "POL"]
[SourceTitle "EXT 2019"]
[Source "ChessBase"]
[SourceDate "2018.10.10"]
[SourceVersion "1"]
[SourceVersionDate "2018.10.10"]
[SourceQuality "1"]

1. Nf3 g6 2. c4 Bg7 3. Nc3 c5 4. g3 Nc6 5. Bg2 e5 6. 0-0 Nge7 7. d3 d6 8. Rb1 0-0 9. a3 a5 10. Bg5 h6 11. Bd2 f5 12. e3 g5 13. Nd5 Nxd5 14. cxd5 Ne7 15. b4 axb4 16. axb4 b6 17. Qb3 Ng6 18. bxc5 bxc5 19. e4 f4 20. Ra1 Bg4 21. Ra2 Qd7 22. Rxa8 Rxa8 23. Rb1 Rf8 24. Ne1 fxg3 25. hxg3 Qf7 26. Be3 Bf6 27. Nf3 Be7 28. Nh2 Bc8 29. Bf3 Qg7 30. Bg4 Bxg4 31. Nxg4 Nf4 32. Qd1 h5 33. Nh2 Nh3+ 34. Kg2 Nf4+ 35. Kh1 Nh3 36. Qxh5 Nxf2+ 37. Bxf2 Rxf2 38. Ng4 Rf7 39. Nh6+ 1-0

[Event "Warsaw YMCA Winter 150th"]
[Site "Warsaw"]
[Date "2015.02.26"]
[Round "8"]
[White "Kosny, Marek"]
[Black "Golecki, Jan"]
[Result "1-0"]
[WhiteElo "1918"]
[BlackElo "1800"]
[PlyCount "77"]
[EventDate "2015.01.08"]
[EventType "tourn"]
[EventRounds "13"]
[EventCountry "POL"]
[SourceTitle "EXT 2019"]
[Source "ChessBase"]
[SourceDate "2018.10.10"]
[SourceVersion "1"]
[SourceVersionDate "2018.10.10"]
[SourceQuality "1"]

1. Nf3 Nf6 2. c4 e6 3. Nc3 b6 4. g3 Bb7 5. Bg2 Bb4 6. 0-0 0-0 7. d3 d6 8. Bg5 Bxc3 9. bxc3 Nbd7 10. e4 h6 11. Bd2 Nc5 12. Ne1 d5 13. cxd5 exd5 14. e5 Nfd7 15. f4 Qe7 16. f5 Ba6 17. f6 Qxe5 18. d4 Qd6 19. fxg7 Rfe8 20. Rf5 Ne4 21. Qh5 Qg6 22. Qxh6 Qxh6 23. Bxh6 c6 24. Nc2 Nxc3 25. Nb4 Ne2+ 26. Kh1 Bb7 27. Raf1 f6 28. Nc2 a5 29. Bf3 Ba6 30. Rf2 Bd3 31. Rh5 Bxc2 32. Bxe2 f5 33. g4 Nf6 34. Rh4 Ne4 35. Rg2 Nc3 36. Bf3 Re1+ 37. Rg1 Re3 38. Bxe3 f4 39. Bxf4 1-0